Aktuální otázky práva, managementu a personalistiky
Guardado en:
| Autor principal: | |
|---|---|
| Otros Autores: | , , , , , , , , , |
| Formato: | Libro |
| Lenguaje: | checo eslovaco |
| Publicado: |
České Budějovice
Vysoká škola evropských a regionálních studií VŠERS
2019
|
| Edición: | 1. vydání |
| Colección: | Studia
|
| Materias: | |
| Etiquetas: |
Sin Etiquetas, Sea el primero en etiquetar este registro!
|
MARC
| LEADER | 00000nlm a2200000 4500 | ||
|---|---|---|---|
| 001 | 0258184 | ||
| 005 | 20220720110751.6 | ||
| 020 | |a 978-80-7556-051-3 | ||
| 041 | 0 | |a cze | |
| 041 | 0 | |a slo | |
| 044 | |a CZ | ||
| 245 | 1 | 0 | |a Aktuální otázky práva, managementu a personalistiky |c Jiří Dušek a kol. ; recenzenti: Ladislav Skořepa, Jaroslav Slepecký |
| 250 | |a 1. vydání | ||
| 264 | 1 | |a České Budějovice |b Vysoká škola evropských a regionálních studií VŠERS |c 2019 | |
| 300 | |a online 59 s. | ||
| 490 | 1 | |a Studia | |
| 830 | 0 | |a Studia | |
| 610 | 2 | 0 | |a právo finančné |
| 610 | 2 | 0 | |a investovanie kolektívne |
| 610 | 2 | 0 | |a podnik |
| 610 | 2 | 0 | |a akvizícia |
| 610 | 2 | 0 | |a fúzie |
| 610 | 2 | 0 | |a riadenie podnikové |
| 610 | 2 | 0 | |a manažment personálny |
| 610 | 2 | 0 | |a Slovensko |
| 100 | 1 | |a Dušek, Jiří | |
| 700 | 1 | |a Horváth, Marian | |
| 700 | 1 | |a Kaiser, Tomáš | |
| 700 | 1 | |a Kettner, Karel | |
| 700 | 1 | |a Krásna, Slávka | |
| 700 | 1 | |a Ondrušek, Dávid | |
| 700 | 1 | |a Polednáková, Anna, 1957- | |
| 700 | 1 | |a Strnadová, Věra | |
| 700 | 1 | |a Voborník, Petr | |
| 700 | 1 | |a Skořepa, Ladislav | |
| 700 | 1 | |a Slepecký, Jaroslav | |